Mesopotamia

I tiakina i:
Ngā taipitopito rārangi puna kōrero
Kaituhi matua: Lara Peinado, Federico (Author)
Hōputu: Pukapuka
Reo:Pāniora
I whakaputaina: Madrid Arlanza 2000
Rangatū:Historia de la Humanidad, 3
Ngā marau:
Ngā Tūtohu: Tāpirihia he Tūtohu
Kāore He Tūtohu, Me noho koe te mea tuatahi ki te tūtohu i tēnei pūkete!

MARC

LEADER 00000nam a2200000 a 4500
001 UCG2721
003 CL-VaPUC
008 100723e20000000SP |||||||||||||||||spa|d
020 |a 8493073733 
082 0 4 |a 909  |b LAR  |2 21 
100 |a Lara Peinado, Federico  |e author  |9 562387 
245 1 0 |a Mesopotamia 
300 |a v.3 
942 |c BK 
945 |d 20100723 00:00:00  |a mfarfan 
260 |a Madrid  |b Arlanza  |c 2000 
650 0 |a Civilizaciones antiguas  |9 265998 
650 0 |a Historia antigua  |9 267521 
650 0 |a Historia universal  |9 266877 
651 0 |a Mesopotamia  |9 314286 
583 |a last modification  |c 20100723 00:00:00  |k Rodrigo Vera 
490 0 |a Historia de la Humanidad, 3 
999 |c 341847  |d 341845 
952 |0 0  |1 0  |4 0  |6 909_000000000000000_LAR_2000  |7 0  |8 A  |9 437633  |a BIBHIS  |b BIBHIS  |d 2019-11-22  |i 4696158  |o 909 LAR 2000  |p 4696158  |r 2025-01-20  |w 2019-11-22  |y BK  |k HIS